Affordable housing on forest land in Scotland (Record no. 116917)

MARC details
000 -LEADER
fixed length control field 01068cam a2200229 4500
001 - CONTROL NUMBER
control field WB4001-18
008 - FIXED-LENGTH DATA ELEMENTS--GENERAL INFORMATION
fixed length control field 040105n2003 000 0 eng u
035 ## - SYSTEM CONTROL NUMBER
System control number (Sirsi) u124705
245 ## - TITLE STATEMENT
Title Affordable housing on forest land in Scotland
260 ## - PUBLICATION, DISTRIBUTION, ETC.
Date of publication, distribution, etc. 2003
490 ## - SERIES STATEMENT
Series statement Scottish Executive News Release
Volume/sequential designation (SENW1053/2003) 22 December 2003 (2)
520 ## - SUMMARY, ETC.
Summary, etc. The Scottish Executive has approved a proposal that Forestry Commission Scotland and Communities Scotland should look at the potential for releasing national forest land to increase the supply of affordable housing. The distribution and nature of the land will be studied to see whether suitable sites can be matched to areas of high demand where registered social landlords have encountered difficulties in securing land. http://www.scotland.gov.uk/pages/news/2003/12/SENW 1053.aspx
590 ## - LOCAL NOTE (RLIN)
Local note WB
590 ## - LOCAL NOTE (RLIN)
Local note WB
650 ## - SUBJECT ADDED ENTRY--TOPICAL TERM
Topical term or geographic name entry element FORESTRY
650 ## - SUBJECT ADDED ENTRY--TOPICAL TERM
Topical term or geographic name entry element FOREST
650 ## - SUBJECT ADDED ENTRY--TOPICAL TERM
Topical term or geographic name entry element RURAL AREAS
650 ## - SUBJECT ADDED ENTRY--TOPICAL TERM
Topical term or geographic name entry element Affordable housing
9 (RLIN) 6215
650 ## - SUBJECT ADDED ENTRY--TOPICAL TERM
Topical term or geographic name entry element SCOTLAND
690 ## - LOCAL SUBJECT ADDED ENTRY--TOPICAL TERM (OCLC, RLIN)
Topical term or geographic name as entry element HOUSING-DEVELOPMENT
942 ## - ADDED ENTRY ELEMENTS (KOHA)
Suppress in OPAC 0
Holdings
Withdrawn status Lost status Source of classification or shelving scheme Damaged status Not for loan Home library Current library Shelving location Date acquired Total Checkouts Full call number Barcode Date last seen Copy number Price effective from Koha item type
    Dewey Decimal Classification     London London News article 05/01/2004   WB4001-18 124705-1001 06/08/2019 1 06/08/2019 News article